[Event "Kalamata OSK op"]
[Site "Kalamata"]
[Date "2007.12.21"]
[Round "1"]
[White "Polichronopoulos, Vasilis"]
[Black "Spiropoulos, Panayotis"]
[Result "0-1"]
[WhiteElo "1225"]
[BlackElo "2069"]
[PlyCount "50"]
[EventDate "2007.12.21"]
[EventType "swiss"]
[EventRounds "5"]
[EventCountry "GRE"]
[SourceTitle "EXT 2024"]
[Source "ChessBase"]
[SourceDate "2023.10.10"]
[SourceVersion "1"]
[SourceVersionDate "2023.10.10"]
[SourceQuality "1"]

1. d4 Nf6 2. Nf3 e6 3. c4 d5 4. Bg5 Be7 5. e3 h6 6. Bh4 0-0 7. Qc2 Ne4 8. Bxe7 Qxe7 9. Nbd2 Nxd2 10. Qxd2 Nc6 11. c5 e5 12. dxe5 Nxe5 13. Qxd5 Nxf3+ 14. gxf3 Rd8 15. Qh5 Qd7 16. Be2 Qd2+ 17. Kf1 Qxb2 18. Rd1 Be6 19. f4 Rxd1+ 20. Bxd1 Rd8 21. Bb3 Bxb3 22. axb3 Qxb3 23. Qh4 Rd1+ 24. Kg2 Qd5+ 25. f3 Qd2+ 0-1